| 000 | 00570nam a2200205 a 4500 | ||
|---|---|---|---|
| 005 | 20240316063823.0 | ||
| 008 | 991125s1967 bar 000 0 spa u | ||
| 035 | _aUPN01000019111 | ||
| 049 | _aCG | ||
| 050 | 4 |
_aBF575 G7 _bW8.38 |
|
| 100 | 1 | _aWukmir, V. J. | |
| 245 | 1 | 0 |
_aEmoción y sufrimiento : _bendoantropología elemental / _cV. J. Wukmir. |
| 260 |
_aBarcelona, Esp. : _bLabor, _c1967. |
||
| 300 | _a377 p. | ||
| 440 | 0 | _aBiblioteca universitaria Labor | |
| 650 | 4 |
_aEmociones _939 |
|
| 650 | 2 |
_aDolor _915372 |
|
| 650 | 2 |
_aSufrimiento _94347 |
|
| 905 | _aLibro | ||
| 999 |
_c19111 _d19111 |
||